Bases per a la creació d'una Institució de crèdit per als municipis catalans / per Joan Pelegrí i Nicolau
Descripción Física:
23 p. ; 22 cm
Otros Autores:
Congrés Municipalista Català (1r : 1933 : Barcelona)
Materias:
Crèdit -- Catalunya
MARC
| LEADER | 00000nam a2200000Ia 4500 | ||
|---|---|---|---|
| 001 | 11963 | ||
| 008 | 160829s1933 xx 000 0 cat d | ||
| 080 | |a RF-8-46 | ||
| 100 | |a Pelegrí i Nicolau, Joan |9 25220 | ||
| 245 | |a Bases per a la creació d'una Institució de crèdit per als municipis catalans / per Joan Pelegrí i Nicolau | ||
| 260 | |a Barcelona : |b (Imp. Omega), |c 1933 | ||
| 300 | |a 23 p. ; |c 22 cm | ||
| 590 | |a Abans del títol: 1er Congrés Municipalista Català organitzat per la Federació de Municipis Catalans. | ||
| 590 | |a Prové de 4256 | ||
| 650 | |a Crèdit |x Catalunya |9 46839 | ||
| 700 | |a Congrés Municipalista Català (1r : 1933 : Barcelona) |9 46841 | ||
| 710 | 2 | |a Federació de Municipis Catalans |9 56465 | |
| 856 | 4 | |u https://media.diba.cat/diba/fitxers/arxiu/fulletons/bib_11963_1933_baixa.pdf |y Accés lliure | |
| 856 | 4 | |u https://media.diba.cat/diba/fitxers/arxiu/fulletons/bib_11963_1933_baixa.pdf |y Accés lliure | |
| 900 | |a bib_11963_1933_baixa.pdf | ||
| 901 | |a Arxiu | ||
| 942 | |n 1 |2 udc | ||
| 952 | |0 0 |1 0 |4 0 |6 RF846 |7 1 |9 53481 |a Arxiu |b Arxiu |d 2016-12-01 |l 0 |o RF-8-46 |p 11963 |r 2016-12-01 00:00:00 |w 2016-12-01 |y ARXIU | ||
| 999 | |c 57347 |d 57347 | ||